000 00227 a2200109 4500
020 _a9798890630582
041 _aspa
100 _aGharehbaghi, Masaud
245 _aTodos los helados del mundo
942 _cBK
999 _c29931
_d29929
999 _d29929